000 00602nam a22001937a 4500
999 _c7652
_d7652
003 GBCCL
005 20241126110633.0
008 180906b ||||| |||| 00| 0 eng d
020 _a8123007124
040 _cgbc
082 _a315.4
_bIND
245 _aIndia 1999 :
_ba reference annual/
_ccompiled and edited by Research, reference and training division
260 _c1999.
_aNew Delhi
_bPublications Division
300 _a773 pages
_c23 cm
650 _aIndia -- Social conditions.
_913492
650 _aSocial conditions
_910262
650 _aIndia -- Social economic.
_913493
942 _2ddc
_cBK